Фикционимы, образованные путём онимизации, в имяречении: валоративный аспект (на материале русского, английского и узбекского языков); Лингвистические и культурологические аспекты современного инженерного образования

Bibliographic Details
Parent link:Лингвистические и культурологические аспекты современного инженерного образования.— 2023.— С. 349-352
Main Author: Шарипова З. С.
Corporate Author: Национальный исследовательский Томский политехнический университет
Other Authors: Кобенко Ю. В. Юрий Викторович (научный руководитель)
Summary:В статье рассмотрены фикционимы, образованные путём онимизации и реализующие валоративный аспект имяречения в трёх разноструктурных языках: русском, английском и узбекском. Объектом исследования выступают онимизированные единицы фикционимов, реализующих валоративную функцию языка, предметом являются валоративные особенности данных единиц
Language:Russian
Published: 2023
Subjects:
Online Access:http://earchive.tpu.ru/handle/11683/77713
Format: Electronic Book Chapter
KOHA link:https://koha.lib.tpu.ru/cgi-bin/koha/opac-detail.pl?biblionumber=671791

MARC

LEADER 00000naa2a2200000 4500
001 671791
005 20240401150816.0
090 |a 671791 
100 |a 20240326d2023 k||y0rusy50 ca 
101 0 |a rus 
102 |a RU 
135 |a drcn ---uucaa 
200 1 |a Фикционимы, образованные путём онимизации, в имяречении: валоративный аспект (на материале русского, английского и узбекского языков)  |f З. С. Шарипова  |g науч. рук. Ю. В. Кобенко ; Национальный исследовательский Томский политехнический университет 
320 |a Литература: с. 352 
330 |a В статье рассмотрены фикционимы, образованные путём онимизации и реализующие валоративный аспект имяречения в трёх разноструктурных языках: русском, английском и узбекском. Объектом исследования выступают онимизированные единицы фикционимов, реализующих валоративную функцию языка, предметом являются валоративные особенности данных единиц 
463 0 |0 670679  |t Лингвистические и культурологические аспекты современного инженерного образования  |o сборник тезисов IV Международной научно-практической конференции «Лингвистические и культурологические аспекты современного инженерного образования» памяти кандидата педагогических наук, доцента Н.А. Качалова, Томск, 15-17 ноября 2023 г.  |f Национальный исследовательский Томский политехнический университет (ТПУ); гл. ред. Ю. В. Кобенко  |v С. 349-352  |d 2023  |9 670679  |a Кобенко, Ю. В. (лингвист ; 1977-)  |c Томск  |n Изд-во ТПУ  |p 1 файл (8,48 Мб, 380 с.)  |u conference_tpu-2023-C85_V1.pdf 
610 1 |a электронный ресурс 
610 1 |a труды учёных ТПУ 
610 1 |a онимизация 
610 1 |a имяречение 
610 1 |a фикционимы 
610 1 |a валоративная функция языка 
610 1 |a разноструктурные языки 
700 1 |a Шарипова  |b З. С. 
702 1 |a Кобенко  |b Ю. В.  |c лингвист  |c профессор Томского политехнического университета, доктор филологических наук  |f 1977-  |g Юрий Викторович  |4 727 
712 0 2 |a Национальный исследовательский Томский политехнический университет  |c (2009- )  |9 26305 
801 2 |a RU  |b 63413507  |c 20240326  |g RCR 
856 4 |u http://earchive.tpu.ru/handle/11683/77713  |z http://earchive.tpu.ru/handle/11683/77713 
942 |c CF